BIBLIOTECA PODER JUDICIAL
Portal Judicial TDF

El art. 666 del Cód. Civ. y Com.: (Registro nro. 5747)

000 -LEADER
fixed length control field 01508nab a22002417a 4500
003 - CONTROL NUMBER IDENTIFIER
control field OSt
005 - DATE AND TIME OF LATEST TRANSACTION
control field 20260101205950.0
008 - FIXED-LENGTH DATA ELEMENTS--GENERAL INFORMATION
fixed length control field 190514b xxu||||| |||| 00| 0 spa d
040 ## - CATALOGING SOURCE
Transcribing agency PJ
100 ## - MAIN ENTRY--PERSONAL NAME
9 (RLIN) 6664
Personal name Moine, Pablo David
245 13 - TITLE STATEMENT
Title El art. 666 del Cód. Civ. y Com.:
Remainder of title un desencadenante de confusiones y soluciones. Su análisis en el marco de una decisión judicial /
Statement of responsibility, etc Pablo David Moine.
300 ## - PHYSICAL DESCRIPTION
Extent p. 161-166
500 ## - GENERAL NOTE
General note Cita: TR LALEY AR/DOC/453/2025.
505 ## - FORMATTED CONTENTS NOTE
Formatted contents note Sumario: I. Introducción.— II. Acerca de los hechos controversiales.— III. Un repaso por los aspectos generales del cuidado personal. Consideraciones en torno al cuidado personal compartido bajo la modalidad alternada.— IV. El art. 666 del Cód. Civ. y Com. Un punto de encuentro en el ejercicio del cuidado personal y la forma de cumplimiento de la obligación alimentaria.— V. Algunas precisiones relacionadas con el caso bajo análisis.— VI. Reflexión final.
505 ## - FORMATTED CONTENTS NOTE
Formatted contents note Fallo comentado: Unidad Procesal N°11 de Viedma ~ 22/08/2024 ~ V. R. E. c. L. D. A. s/ sumarísimo (cese de cuota alimentaria).
650 #0 - SUBJECT ADDED ENTRY--TOPICAL TERM
9 (RLIN) 967
Topical term or geographic name as entry element DERECHO DE FAMILIA
650 #0 - SUBJECT ADDED ENTRY--TOPICAL TERM
9 (RLIN) 968
Topical term or geographic name as entry element ALIMENTOS
650 #0 - SUBJECT ADDED ENTRY--TOPICAL TERM
9 (RLIN) 4099
Topical term or geographic name as entry element CUOTA ALIMENTARIA
650 #0 - SUBJECT ADDED ENTRY--TOPICAL TERM
9 (RLIN) 6665
Topical term or geographic name as entry element CESACIÓN DE LA OBLIGACIÓN ALIMENTARIA
650 #0 - SUBJECT ADDED ENTRY--TOPICAL TERM
9 (RLIN) 1057
Topical term or geographic name as entry element JURISPRUDENCIA APLICABLE
773 0# - HOST ITEM ENTRY
Host Biblionumber 2844
Host Itemnumber 3222
Place, publisher, and date of publication Buenos Aires : AbeledoPerrot, 1989-
Title Derecho de familia. Revista Interdisciplinaria de doctrina y jurisprudencia. Abril 2025-II.
International Standard Book Number 18511201
942 ## - ADDED ENTRY ELEMENTS (KOHA)
Source of classification or shelving scheme
Koha item type Analítica Artículo de Revista

No hay ítems disponibles.

12 de Octubre 789 Ushuaia - Tel:  54(02901)441571
Horario de Atención: 8.00 a 17.00 hs. 
bibliotecaush@justierradelfuego.gov.ar
koha@justierradelfuego.gov.ar
Seguinos en nuestras redes @bibliojustdf 

Con tecnología Koha